Văn hóa Việt Nam tìm tòi và suy ngẫm
Сохранить в:
| Главный автор: | |
|---|---|
| Формат: | |
| Язык: | Undetermined |
| Опубликовано: |
Hà Nội
Văn hóa Dân tộc
2000
|
| Предметы: | |
| Метки: |
Добавить метку
Нет меток, Требуется 1-ая метка записи!
|
| Thư viện lưu trữ: | Trung tâm Học liệu Trường Đại học Cần Thơ |
|---|
| LEADER | 00620nam a2200205Ia 4500 | ||
|---|---|---|---|
| 001 | CTU_40609 | ||
| 008 | 210402s9999 xx 000 0 und d | ||
| 020 | |b 100.000đ | ||
| 082 | |a 306.089597 | ||
| 082 | |b V561 | ||
| 100 | |a Trần, Quốc Vượng | ||
| 245 | 0 | |a Văn hóa Việt Nam tìm tòi và suy ngẫm | |
| 245 | 0 | |c Trần Quốc Vượng | |
| 260 | |a Hà Nội | ||
| 260 | |b Văn hóa Dân tộc | ||
| 260 | |c 2000 | ||
| 650 | |a Vietnam | ||
| 650 | |x Civilization | ||
| 904 | |i Minh, QHieu đã sửa trong CSDL | ||
| 980 | |a Trung tâm Học liệu Trường Đại học Cần Thơ | ||